Villes préférées des Français - Statistiques

Statistiques générales
  • Ce quiz a été pris 110 fois
  • Le résultat moyen est 19 sur 50
Statistiques - réponses
Réponse % Correct
Bordeaux
83%
Nice
83%
Rennes
82%
Nantes
79%
Strasbourg
76%
Brest
69%
Angers
66%
Montpellier
66%
Biarritz
56%
La Roche sur Yon
55%
Toulon
55%
Annecy
54%
Caen
53%
Dijon
53%
Bayonne
51%
Nîmes
51%
La Rochelle
50%
Orléans
50%
Cannes
49%
Metz
49%
Tours
49%
Le Havre
44%
Lorient
43%
Limoges
41%
Avignon
39%
Pau
39%
Quimper
38%
Saint Étienne
37%
Versailles
37%
Le Mans
35%
Vannes
33%
Saint Malo
32%
Chambéry
31%
Antibes
26%
Saint Brieuc
20%
Saint Nazaire
18%
Laval
17%
Anglet
16%
Rodez
13%
Levallois Perret
6%
Aurillac
5%
Boulogne Billancourt
4%
Brive-la-Gaillarde
4%
Colombes
4%
Courbevoie
4%
Lannion
4%
Nogent sur Marne
3%
Rueil Malmaison
3%
Asnières sur Seine
2%
Cherbourg en Cotentin
1%
Aucun quiz correspondant
Distribution des résultats
% des personnes avec chaque résultat
Percentile par nombre de réponses
Votre historique - résultats
Vous n’avez pas pris ce quiz